| 000 | 00399nam a2200169Ia 4500 | ||
|---|---|---|---|
| 008 | 210210b1930 xxu||||| |||| 00| 0 eng d | ||
| 041 | _aeng | ||
| 082 | _a791/66 | ||
| 100 | _aROBERTS (C) | ||
| 245 | _aTricks with cards | ||
| 260 |
_aNew York _bW Foulsham & Co Ltd., _c1930 |
||
| 650 | _awith | ||
| 650 | _aTricks | ||
| 650 | _acards | ||
| 690 | _aAthletic & Outdoor Sports | ||
| 906 | _a011108 | ||
| 999 |
_c139228 _d139228 |
||